<?xml version="1.0" encoding="UTF-8"?>
<record
    xmlns:xsi="http://www.w3.org/2001/XMLSchema-instance"
    xsi:schemaLocation="http://www.loc.gov/MARC21/slim http://www.loc.gov/standards/marcxml/schema/MARC21slim.xsd"
    xmlns="http://www.loc.gov/MARC21/slim">

  <leader>01265nam a2200205 a 4500</leader>
  <controlfield tag="008">190917t2018    ag  |||g |||| 001 0 spa d</controlfield>
  <datafield tag="020" ind1=" " ind2=" ">
    <subfield code="a">9789506911041</subfield>
  </datafield>
  <datafield tag="041" ind1=" " ind2=" ">
    <subfield code="a">spa</subfield>
  </datafield>
  <datafield tag="092" ind1=" " ind2=" ">
    <subfield code="c">808</subfield>
    <subfield code="l">77</subfield>
    <subfield code="s">SAR</subfield>
  </datafield>
  <datafield tag="100" ind1="1" ind2=" ">
    <subfield code="a">Sarmiento, Domingo Faustino</subfield>
    <subfield code="9">3980</subfield>
  </datafield>
  <datafield tag="245" ind1=" " ind2=" ">
    <subfield code="a">Facundo o Civilizaci&#xF3;n y barbarie /</subfield>
    <subfield code="c">Domingo Faustino Sarmiento</subfield>
  </datafield>
  <datafield tag="250" ind1=" " ind2=" ">
    <subfield code="a">1a ed.</subfield>
    <subfield code="b">Pr&#xF3;logo Alejandra Laera</subfield>
  </datafield>
  <datafield tag="260" ind1=" " ind2=" ">
    <subfield code="a">Buenos Aires:</subfield>
    <subfield code="b">Biblioteca del Congreso;</subfield>
    <subfield code="c">2018.</subfield>
  </datafield>
  <datafield tag="300" ind1=" " ind2=" ">
    <subfield code="a">370 p.</subfield>
    <subfield code="c">21 cm.</subfield>
  </datafield>
  <datafield tag="500" ind1=" " ind2=" ">
    <subfield code="a">Sarmiento, D. F. (2004). Facundo o Civilizaci&#xF3;n y barbarie. (1a ed.). Buenos Aires : Agebe.</subfield>
  </datafield>
  <datafield tag="505" ind1=" " ind2=" ">
    <subfield code="a">En Facundo, su obra m&#xE1;s singular y pol&#xE9;mica, Domingo F. Sarmiento plantea una inquietante interpretaci&#xF3;n de la historia argentina y americana, la lucha entre la Civilizaci&#xF3;n y la Barbarie, entre la ciudad y campa&#xF1;a, entre Europa y Asia, como si, obligada a optar, Am&#xE9;rica no pudiera construir una identidad propia y diferenciada. Sin embargo, desmintiendo su propio discurso, Sarmiento es capaz de crear una obra tan apasionante, tumultuosa, innovadora y singular que s&#xF3;lo pudo ser producto de una profundo americanismo. </subfield>
  </datafield>
  <datafield tag="590" ind1=" " ind2=" ">
    <subfield code="a">Proyecto 4to libro, Donaci&#xF3;n Centro M&#xE9;dico de Mar del Plata, Noviembre 2018</subfield>
  </datafield>
  <datafield tag="655" ind1=" " ind2=" ">
    <subfield code="a">Literatura</subfield>
    <subfield code="9">2917</subfield>
  </datafield>
  <datafield tag="942" ind1=" " ind2=" ">
    <subfield code="2">ddc</subfield>
    <subfield code="c">LIT</subfield>
  </datafield>
  <datafield tag="999" ind1=" " ind2=" ">
    <subfield code="c">2823</subfield>
    <subfield code="d">2823</subfield>
  </datafield>
  <datafield tag="952" ind1=" " ind2=" ">
    <subfield code="0">0</subfield>
    <subfield code="1">0</subfield>
    <subfield code="2">ddc</subfield>
    <subfield code="4">0</subfield>
    <subfield code="7">0</subfield>
    <subfield code="a">BFM</subfield>
    <subfield code="b">BFM</subfield>
    <subfield code="c">CR</subfield>
    <subfield code="d">2018-11-12</subfield>
    <subfield code="e">Donaci&#xF3;n Centro M&#xE9;dico de Mar del Plata, Nov. 2018</subfield>
    <subfield code="l">0</subfield>
    <subfield code="o">808 77 SAR</subfield>
    <subfield code="p">4345</subfield>
    <subfield code="r">2018-11-12</subfield>
    <subfield code="t">Ej. 1</subfield>
    <subfield code="w">2018-11-12</subfield>
    <subfield code="y">LIT</subfield>
    <subfield code="z">Donaci&#xF3;n Centro M&#xE9;dico de Mar del Plata, Nov. 2018</subfield>
  </datafield>
  <datafield tag="952" ind1=" " ind2=" ">
    <subfield code="0">0</subfield>
    <subfield code="1">0</subfield>
    <subfield code="2">ddc</subfield>
    <subfield code="4">0</subfield>
    <subfield code="7">0</subfield>
    <subfield code="a">BFM</subfield>
    <subfield code="b">BFM</subfield>
    <subfield code="c">CR</subfield>
    <subfield code="d">2019-02-28</subfield>
    <subfield code="e">Donaci&#xF3;n Adriana Navarro, febrero 2019</subfield>
    <subfield code="l">0</subfield>
    <subfield code="o">808 77 SAR</subfield>
    <subfield code="p">4398</subfield>
    <subfield code="r">2019-02-28</subfield>
    <subfield code="t">Ej. 2</subfield>
    <subfield code="w">2019-02-28</subfield>
    <subfield code="y">LIT</subfield>
    <subfield code="z">Proyecto 4to libro. Donaci&#xF3;n Adriana Navarro, febrero 2019</subfield>
  </datafield>
  <datafield tag="952" ind1=" " ind2=" ">
    <subfield code="0">0</subfield>
    <subfield code="1">0</subfield>
    <subfield code="2">ddc</subfield>
    <subfield code="4">0</subfield>
    <subfield code="7">0</subfield>
    <subfield code="a">BFM</subfield>
    <subfield code="b">BFM</subfield>
    <subfield code="c">CR</subfield>
    <subfield code="d">2026-02-06</subfield>
    <subfield code="e">Donaci&#xF3;n Manrique, Walter. Febrero 2026</subfield>
    <subfield code="l">1</subfield>
    <subfield code="m">1</subfield>
    <subfield code="o">808 77 SAR</subfield>
    <subfield code="p">5135</subfield>
    <subfield code="r">2026-03-30</subfield>
    <subfield code="s">2026-02-27</subfield>
    <subfield code="t">Ej. 3</subfield>
    <subfield code="w">2026-02-06</subfield>
    <subfield code="y">LIT</subfield>
    <subfield code="z">Donaci&#xF3;n Manrique, Walter. Febrero 2026. Sede Tordos.</subfield>
    <subfield code="f"></subfield>
  </datafield>
</record>
